| 000 | 00000nam##2200000za#4500 |
| 001 | 9.662018 |
| 003 | CaOODSP |
| 005 | 20210615120333 |
| 007 | ta |
| 008 | 150407|2000||||xxc||||| f|0| 0 fre|d |
| 020 | |a0-662-65102-2 |
| 040 | |aCaOODSP|bfre |
| 041 | |aeng |
| 041 | |afre |
| 043 | |an-cn--- |
| 086 | 1 |aSW21-56/2000 |
| 110 | 1 |aCanada. |bCondition féminine Canada. |
| 245 | 10|aLes canadiennes s'affirment |
| 260 | |aOttawa - Ontario : |bCondition féminine Canada |c2000. |
| 300 | |aTexte français, 16p. : |bill. ; |c28 cm. |
| 546 | |aBilingue |
| 563 | |aCouverture souple |
| 590 | |a00-29|b2000-07-21 |
| 691 | 07|aFemme|2gcpds |
| 691 | 07|aEntrepreneuriat|2gcpds |
| 691 | 07|aTravail non rémunéré|2gcpds |
| 776 | 0#|tLes Canadiennes s'affirment : |w(CaOODSP)9.642521 |
| 776 | 0#|tCanadian women - making an impact : |w(CaOODSP)9.698513 |
| 791 | |tCanadian women making an impact |eeng|w(CaOODSP)9.662017 |